00579nam a2200157Ia 4500008004100000041000800041082001600049100002100065245007600086260003800162300000800200365001600208700002100224999001900245952015700264230719s9999 xx 000 0 und d aeng a004.22bHWA aHwang K.9114265 aAdvanced Computer ArchitecturebParallelism Scalability Programmability bMcgraw Hill International Edition a770 cRs.b305.00 aHwang K.9114265 c354107d354107 00104070aCCEPbCCEPcDonated Bookd2013-02-15eMasurkar Enterprisesg305.00o004.22pCCEP-DB-312r2023-07-19 00:00:00v305.00w2023-07-19yBKzD00312